Apollo Medicine (Record no. 207274)

MARC details
000 -LEADER
fixed length control field 00346nam a2200121 4500
008 - FIXED-LENGTH DATA ELEMENTS--GENERAL INFORMATION
fixed length control field 241202b |||||||| |||| 00| 0 eng d
022 ## - INTERNATIONAL STANDARD SERIAL NUMBER
International Standard Serial Number 0976-0016
245 ## - TITLE STATEMENT
Title Apollo Medicine
Statement of responsibility, etc edited by raju vaishya
260 ## - PUBLICATION, DISTRIBUTION, ETC. (IMPRINT)
Place of publication, distribution, etc New Delhi
Name of publisher, distributor, etc Sage publication
Date of publication, distribution, etc 2024
300 ## - PHYSICAL DESCRIPTION
Extent Vol.21, issue no.3
310 ## - CURRENT PUBLICATION FREQUENCY
Current publication frequency quarterly
Date of current publication frequency 1 sept. 2024
942 ## - ADDED ENTRY ELEMENTS (KOHA)
Source of classification or shelving scheme Dewey Decimal Classification
Item type Periodicals
Call number suffix APO
Holdings
Withdrawn status Lost status Source of classification or shelving scheme Damaged status Not for loan Collection code Home library Current library Shelving location Date acquired Source of acquisition Cost, normal purchase price Total Checkouts Full call number Date last seen Cost, replacement price Price effective from Koha item type
    Dewey Decimal Classification   Not For Loan Non-fiction D.B.Act.Division D.B.Act.Division On Display 02/12/2024 DBAD 860.00   APO 02/12/2024 860.00 02/12/2024 Periodicals

© Delhi Public Library
Hit Counter
free hit counter